000 01144nam a2200301Ia 4500
003 OSt
005 20221005103949.0
006 a|||||r|||| 00| 0
007 ta
008 221004b |||||||| |||| 00| 0 hin d
020 _a8`86684247 (hbk)
024 _a26440
037 _bGift, 15/05/2016,
_cTextual
040 _aCRL
_cCRL
_bhin
041 _2hin
_ahin
082 _aT.79, 152N7
100 _aफ्रेरे, पाओलो
245 0 _aउत्पीड़ितों का शिक्षाशास्त्र
246 _aUtpīड़itoan kā shikṣhāshāstra
250 _aसंस्करण 2
260 _aदिल्ली
_bग्रंथ शिल्पी भारत
_c1997
300 _a144पृ0
_ccm.
490 _aशिक्षाशास्त्र के नए क्षितिज
650 _aशिक्षण
700 _a उपाध्याय, रमेश, अनु.
942 _hT.79, 152N7
_cTEXL
_2cc
999 _c1011392
_d1011392